| 000 | 03056nam a2200385 a 4500 | ||
|---|---|---|---|
| 001 | ebr10725081 | ||
| 003 | CaPaEBR | ||
| 006 | m o u | ||
| 007 | cr cn||||||||| | ||
| 008 | 130515s2013 ne ad sb 001 0 eng d | ||
| 010 | _z 2013016518 | ||
| 020 | _z9789004255838 (hardback : alk. paper) | ||
| 020 | _z9789004255845 (e-book) | ||
| 040 |
_aCaPaEBR _cCaPaEBR |
||
| 035 | _a(OCoLC)851155428 | ||
| 043 | _aa-cc--- | ||
| 050 | 1 | 4 |
_aJZ1734.A5 _bC55 2013eb |
| 082 | 0 | 4 |
_a327.51 _223 |
| 245 | 0 | 0 |
_aChina and the world _h[electronic resource] : _bbalance, imbalance and rebalance / _cedited by Shao Binhong. |
| 260 |
_aLeiden ; _aBoston : _bBrill, _c2013. |
||
| 300 |
_axii, 337 p. : _bill. |
||
| 490 | 0 |
_aChina in the world : a survey of Chinese perspectives on international politics and economics, _x2213-8439 ; _vv. 1 |
|
| 504 | _aIncludes bibliographical references and index. | ||
| 505 | 0 | _aThoughts on the grand change of world politics and China's international strategy / Wang Jisi -- China and the world : balance, imbalance, and rebalance / Guo Shuqing -- The rich, the poor, and China : China's responsibilities in an era of three worlds / Li Daokui -- Understanding the changing relations between China and its neighbors / Zhanng Yunling -- The China model and world order / Su Changhe -- TPP : a major challenge to China in the process of its rise / Li Xiangyang -- The rise of China and the adjustment of the international order : a case study of China's participation in the multilateral trading system / Song Hong -- Global economic recovery : an uphill battle? / Huang Haizhou, Li Zhiyong, and Wang Hui -- Structural changes of global economy and new challenges of emerging economy / Zhu Min -- Chinese national security : its missions, sequences, and major characteristics / Wang Yizhou -- Japan's search for a national identity and its historical reflections / Li Wei -- Overcome the fear of RMB appreciation / Yu Yongding -- RMB's internationalization under the system of limited exchange rate and capital account control / Zhang Bing and Xu Qiyuan -- How can RMB become an international currency? : enhancing the status and the role of SDRs in the international monetary system : prospects for the Renminbi joining the SDR basket / Qiao Yide, Xu Mingqi, Li Rui, Ge Jiafei, and Shi Qing -- China and the United States in the next decade / Zhang Weiying, He Huaihong, Huang Haizhou, Yuan Yaxiang and Wang Jisi. | |
| 533 |
_aElectronic reproduction. _bPalo Alto, Calif. : _cebrary, _d2013. _nAvailable via World Wide Web. _nAccess may be limited to ebrary affiliated libraries. |
||
| 650 | 0 |
_aNational security _zChina. |
|
| 650 | 0 |
_aMonetary policy _zChina. |
|
| 650 | 0 | _aRenminbi. | |
| 651 | 0 |
_aChina _xForeign relations _y21st century. |
|
| 651 | 0 |
_aChina _xForeign economic relations. |
|
| 655 | 7 |
_aElectronic books. _2local |
|
| 700 | 1 | _aShao, Binhong. | |
| 710 | 2 | _aebrary, Inc. | |
| 856 | 4 | 0 |
_uhttp://site.ebrary.com/lib/rucke/Doc?id=10725081 _zAn electronic book accessible through the World Wide Web; click to view |
| 999 |
_c37860 _d37860 |
||